[Event "Titled Tue 3rd Jan Late"]
[Site "chess.com INT"]
[Date "2023.01.03"]
[Round "4"]
[White "Nakamura, Hi"]
[Black "Makarian, Rudik"]
[Result "1-0"]
[WhiteElo "2768"]
[BlackElo "2562"]
[PlyCount "43"]
[EventDate "2023.01.03"]

1. Nf3 Nf6 2. g3 b5 3. e4 Nxe4 4. Bxb5 Bb7 5. d4 e6 6. O-O Be7 7. Bd3 $146 ({RR} 7. Re1 O-O 8. Nbd2 Nf6 9. Nb3 c6 10. Bf1 d6 11. Bg2 Nbd7 12. Bd2 a5 13. a4 Qb6 14. Nh4 Rfe8 15. c4 c5 16. Bxb7 Qxb7 17. Nxa5 Qxb2 18. Nc6 Bf8 19. Rb1 Qa2 20. Na5 Reb8 21. Ra1 Qb2 {Poseck,S (2058)-Plump,D (2253) Berlin 2006 0-1 (58)}) 7... h5 8. c4 h4 9. Re1 f5 10. Nbd2 hxg3 11. fxg3 Ng5 12. Nxg5 Bxg5 13. d5 Qf6 14. Nf3 Bxc1 15. Rxc1 Kd8 16. dxe6 Kc8 17. exd7+ Nxd7 18. c5 Nb8 19. c6 Nxc6 20. Qc2 Kb8 21. Bb5 Rh6 22. Re8+ 1-0

[Event "Titled Tue 3rd Jan Late"]
[Site "chess.com INT"]
[Date "2023.01.03"]
[Round "5"]
[White "Lenderman, A."]
[Black "Tristan, L."]
[Result "1-0"]
[WhiteElo "2572"]
[BlackElo "2544"]
[PlyCount "77"]
[EventDate "2023.01.03"]

1. Nf3 d5 2. e3 Nf6 3. c4 e6 4. Nc3 b6 5. cxd5 exd5 6. g3 Bd6 7. Bg2 O-O 8. O-O Bb7 9. b3 Re8 10. Bb2 Nbd7 11. Rc1 a6 12. Ne2 a5 13. Ned4 $146 ({RR} 13. a4 Rc8 14. Ned4 c6 15. Re1 Bf8 16. d3 g6 17. Qc2 Bg7 18. e4 dxe4 19. dxe4 c5 20. Nb5 Bxe4 21. Qd1 Rc6 22. Nfd4 Bxg2 23. Kxg2 Rxe1 24. Qxe1 Rc8 25. Nf3 Qf8 26. Rd1 Re8 27. Qf1 h6 {Srihari,L (2498)-Sjugirov,S (2643) chess.com INT 2025 0-1 (45)}) 13... Bf8 14. Nc6 Qc8 15. Bh3 Bxc6 16. Rxc6 Qb7 17. Rc1 a4 18. bxa4 c5 19. Qc2 g6 20. Bxd7 Nxd7 21. Bc3 Bg7 22. d4 c4 23. Rb1 Qc6 24. Rb5 Ra6 25. Rfb1 Rea8 26. a5 bxa5 27. a4 h6 28. h4 Qe6 29. Kg2 Nf6 30. Be1 Ne4 31. Ng1 Bf8 32. Ne2 Nd6 33. Nf4 Nxb5 34. axb5 Qe4+ 35. Qxe4 dxe4 36. bxa6 Rxa6 37. Rb8 Kg7 38. Bc3 a4 39. d5+ 1-0

[Event "Titled Tue 10th Jan Early"]
[Site "chess.com INT"]
[Date "2023.01.10"]
[Round "2"]
[White "Duda, J."]
[Black "Murzin, Volodar"]
[Result "1-0"]
[WhiteElo "2729"]
[BlackElo "2547"]
[PlyCount "89"]
[EventDate "2023.01.10"]

1. Nf3 d5 2. c4 c6 3. g3 Bg4 4. Bg2 e6 5. Ne5 Bh5 6. cxd5 exd5 7. Nc3 Bd6 8. d4 Nf6 ({RR} 8... Ne7 9. O-O Nd7 10. Nd3 O-O 11. Nf4 Bg6 12. Nxg6 hxg6 13. Bg5 f6 14. Bd2 f5 15. Bg5 Re8 16. f3 Nf8 17. e4 Ne6 18. Bxe7 Qxe7 19. exd5 Nxd4 20. Kh1 c5 21. Re1 Qg5 22. f4 Rxe1+ 23. Qxe1 {Kaidanov,G (2546)-Maghsoodloo,P (2674) Caleta 2020 0-1 (52)}) 9. O-O O-O 10. Nd3 $146 ({RR} 10. Bg5 Be7 11. Qb3 Qb6 12. Qxb6 axb6 13. g4 h6 14. Bxf6 gxf6 15. gxh5 fxe5 16. dxe5 f6 17. e6 f5 18. e3 Na6 19. Ne2 Nc7 20. Nf4 Rf6 21. Bh3 Bd6 22. e7 Bxf4 23. exf4 Kf7 24. Rfe1 Ne6 {Egger,T (2282)-Dey,J (2267) Bayern 2004 0-1 (35)}) 10... Re8 11. h3 Bg6 12. Nf4 Nbd7 13. Nxg6 hxg6 14. Bg5 Qb6 15. Qd3 Nf8 16. Bd2 Ne6 17. e3 Ng5 18. Rfc1 Nge4 19. Be1 Re7 20. Rab1 Rae8 21. Qd1 a6 22. b4 Nxc3 23. Rxc3 Ne4 24. Rcb3 Qd8 25. a4 b5 26. Rc1 Qd7 27. axb5 axb5 28. Ra3 Qd8 29. Rxc6 Rc7 30. Qc2 Ree7 31. Raa6 Qc8 32. Rab6 Nf6 33. Bf1 Ne4 34. Bg2 g5 35. Bxe4 dxe4 36. Kg2 g6 37. d5 Qf5 38. Qe2 Rxc6 39. dxc6 Qd5 40. Qxb5 Qd1 41. Bc3 Qf3+ 42. Kg1 Bxg3 43. Rb8+ Bxb8 44. Qxb8+ Re8 45. Qxe8+ 1-0

[Event "Titled Tue 10th Jan Early"]
[Site "chess.com INT"]
[Date "2023.01.10"]
[Round "4"]
[White "Lenderman, A."]
[Black "Gledura, B."]
[Result "1-0"]
[WhiteElo "2572"]
[BlackElo "2639"]
[PlyCount "61"]
[EventDate "2023.01.10"]

1. Nf3 d5 2. e3 Bg4 3. c4 Bxf3 4. Qxf3 c6 5. Nc3 e6 6. d4 Nf6 7. g3 $146 ({RR} 7. Bd3 Nbd7 8. O-O Bd6 9. e4 dxe4 10. Nxe4 Nxe4 11. Qxe4 Nf6 12. Qe2 O-O 13. Rd1 Qc7 14. g3 Rfe8 15. Bg5 Be7 16. Bf4 Bd6 17. Be5 Nd7 18. Bxd6 Qxd6 19. Bc2 Rad8 20. Qe3 Nf6 21. Rd3 Rd7 {Sargsyan,S (2601)-Solak,D (2594) Chess.com INT 2020 ½-½ (54)}) ({RR} 7. Bd3 g6 8. O-O Bg7 9. Rd1 O-O 10. b3 Nbd7 11. Qe2 Re8 12. Bb2 h5 13. h3 Qe7 14. a4 a5 15. Ba3 Qd8 16. Rac1 Rc8 17. e4 dxe4 18. Bxe4 Nxe4 19. Nxe4 Bf8 20. Bxf8 Rxf8 21. Qf3 Kg7 {Ambartsumova,K (2405)-Haug,H (2340) chess.com INT 2025 1-0 (76)}) 7... Bb4 8. Bd2 Nbd7 9. Qe2 Bxc3 10. Bxc3 Ne4 11. Rc1 Nxc3 12. Rxc3 O-O 13. Bg2 Qa5 14. a3 Nb6 15. b4 Qa4 16. c5 Nc4 17. O-O a5 18. bxa5 Rxa5 19. Rb1 Nxa3 20. Rxb7 Nb5 21. Rc1 Qb3 22. Bf1 Ra2 23. Qd1 Qb2 24. Qe1 Rfa8 25. Bxb5 cxb5 26. c6 h5 27. c7 Kh7 28. Kg2 Rc8 29. Rb8 Rxc7 30. Rxc7 Ra1 31. Qc3 1-0

[Event "Titled Tue 10th Jan Early"]
[Site "chess.com INT"]
[Date "2023.01.10"]
[Round "4"]
[White "Nakamura, Hi"]
[Black "Shipov, S."]
[Result "1-0"]
[WhiteElo "2768"]
[BlackElo "2541"]
[PlyCount "89"]
[EventDate "2023.01.10"]

1. Nf3 d5 2. e3 Nf6 3. b3 Bg4 4. Bb2 Nbd7 5. d4 e6 6. Nbd2 c6 ({RR} 6... Bd6 7. h3 Bh5 8. c4 c6 9. Bd3 O-O 10. Qc2 Bg6 11. Bxg6 hxg6 12. O-O Re8 13. e4 dxe4 14. Nxe4 Nxe4 15. Qxe4 Qa5 16. a3 Rad8 17. Rfe1 Qf5 18. Qe2 g5 19. Rad1 Nf6 20. Ne5 c5 21. g4 {Nakamura,H (2750)-Le,T (2514) Chess.com INT 2022 1-0}) 7. c4 $146 ({RR} 7. a3 Bd6 8. c4 Ne4 9. Be2 Ndf6 10. c5 Nxd2 11. Nxd2 Bxe2 12. Qxe2 Bc7 13. e4 dxe4 14. Nxe4 Qd5 15. Nxf6+ gxf6 16. Qf3 Qxf3 17. gxf3 Rg8 18. Ke2 O-O-O 19. h3 Bf4 20. Rhg1 Bg5 21. Rad1 h6 {Schneider,P-Lindner,H Puschendorf 1996 0-1 (44)}) ({RR} 7. Be2 Bd6 8. O-O O-O 9. h3 Bh5 10. c4 a5 11. a4 Qe7 12. Ne5 Bxe2 13. Qxe2 Nb8 14. Nd3 Na6 15. c5 Bc7 16. f4 Nd7 17. Rfc1 f5 18. Rab1 Nf6 19. Ba3 Ne4 20. Nf3 h6 21. Nfe5 Kh7 {Serban,C (2286)-Biernacki,M (1989) chess.com INT 2024 1-0 (45)}) 7... Ne4 8. a3 f5 9. Be2 Bd6 10. b4 O-O 11. Qb3 Nxd2 12. Nxd2 Bxe2 13. Kxe2 Qg5 14. g3 Qh5+ 15. f3 Rae8 16. Raf1 Kh8 17. Kd1 b5 18. c5 Bc7 19. a4 a6 20. axb5 axb5 21. Kc2 e5 22. f4 e4 23. Kb1 Qe2 24. Bc1 Ra8 25. Re1 Qf2 26. Ref1 Qe2 27. Re1 Qf2 28. Qd1 Ra4 29. Re2 Rxb4+ 30. Bb2 Qxe2 31. Qxe2 Nf6 32. Kc2 Ra8 33. Ra1 Rxa1 34. Bxa1 Ra4 35. Bb2 h5 36. h3 Kh7 37. Kb1 Bd8 38. Nb3 Bc7 39. Bc3 Bd8 40. Kb2 Bc7 41. Qe1 Kh6 42. Ba5 Bb8 43. Bd8 Nd7 44. g4 fxg4 45. hxg4 1-0

[Event "Titled Tue 10th Jan Early"]
[Site "chess.com INT"]
[Date "2023.01.10"]
[Round "6"]
[White "Nakamura, Hi"]
[Black "Puranik, A."]
[Result "1-0"]
[WhiteElo "2768"]
[BlackElo "2596"]
[PlyCount "81"]
[EventDate "2023.01.10"]

1. Nf3 Nf6 2. b3 g6 3. Bb2 Bg7 4. d4 O-O 5. e3 b6 6. Be2 Bb7 7. O-O d5 ({RR} 7... d6 8. c4 Nbd7 9. Qc2 e6 10. Nc3 Qe7 11. e4 e5 12. dxe5 Nxe5 13. Nxe5 dxe5 14. Nd5 Qd6 15. Rfd1 c5 16. a4 a5 17. Rd2 Rad8 18. Rad1 Bxd5 19. cxd5 Bh6 20. Rd3 Bg5 21. Rf3 Qe7 22. Bb5 {Nakamura,H (2802)-Carlsen,M (2831) chess.com INT 2024 ½-½ (58)}) ({RR} 7... d6 8. c4 Nbd7 9. Nbd2 Qe8 10. Qc2 e5 11. dxe5 dxe5 12. Rfd1 Rd8 13. b4 c5 14. b5 e4 15. Ne1 Ne5 16. a4 Qe6 17. a5 Nfg4 18. axb6 axb6 19. Ra7 Rd7 20. h3 Nh6 21. Nf1 Rxd1 22. Bxd1 {Gulevich,A (2304)-Brewer,C (2160) chess.com INT 2025 1-0 (33)}) ({RR} 7... c5 8. dxc5 bxc5 9. c4 d6 10. Nc3 Ne4 11. Qc1 Nd7 12. Nd1 Nef6 13. Nd2 Qc7 14. Nc3 a6 15. Qc2 Rfd8 16. Rad1 Ne5 17. Rfe1 Rac8 18. Qb1 Bc6 19. e4 e6 20. f4 Ned7 21. Bf3 h5 22. h3 {Nakamura,H (2795)-Duda,J (2734) chess.com INT 2024 1-0 (72)}) 8. c4 e6 9. a4 $146 ({RR} 9. Qc2 Nbd7 10. c5 c6 11. Nbd2 a5 12. a3 Ba6 13. Bxa6 Rxa6 14. b4 Qa8 15. Nb3 axb4 16. axb4 Rb8 17. Nfd2 Ne8 18. Rxa6 Qxa6 19. Ra1 Qb7 20. Rc1 bxc5 21. bxc5 Nc7 22. Bc3 Nb5 23. Bb2 e5 {Nakamura,H (2750)-Narayanan,S (2658) Chess.com INT 2022 ½-½ (79)}) 9... Nbd7 10. a5 bxa5 11. c5 Ne4 12. Qc2 Bc6 13. Rxa5 Qb8 14. Nc3 f5 15. Rfa1 Bh6 16. Ra6 Nxc3 17. Bxc3 Qb7 18. Rxc6 Qxc6 19. Ra6 Nb6 20. Ne5 Qb7 21. cxb6 axb6 22. Rxa8 Rxa8 23. g3 Bg7 24. Nd3 Qa7 25. Bb2 c5 26. dxc5 Bxb2 27. Qxb2 bxc5 28. Kg2 Qb6 29. Qe5 Kf7 30. h4 Rc8 31. Qc3 Kg8 32. h5 Qd6 33. Bf3 d4 34. Qc4 dxe3 35. fxe3 gxh5 36. Nf4 Kf7 37. Nxe6 Kf6 38. Nf4 Qd2+ 39. Kh3 Rd8 40. Qe6+ Kg7 41. Nxh5+ 1-0

[Event "Titled Tue 10th Jan Early"]
[Site "chess.com INT"]
[Date "2023.01.10"]
[Round "6"]
[White "Svane, R."]
[Black "Goryachkina, A."]
[Result "1-0"]
[WhiteElo "2620"]
[BlackElo "2576"]
[PlyCount "85"]
[EventDate "2023.01.10"]

1. Nf3 d5 2. g3 Bg4 3. Bg2 c6 4. h3 Bh5 5. O-O e6 6. d4 Nf6 7. c4 Nbd7 8. cxd5 exd5 9. Ne5 Ne4 10. Bxe4 ({RR} 10. Nd2 f5 11. Nxe4 fxe4 12. Bf4 Be7 13. f3 exf3 14. exf3 O-O 15. Qd2 Nxe5 16. Bxe5 Qb6 17. f4 Bf6 18. Rae1 Rae8 19. Kh2 Bg6 20. g4 Be4 21. Bxe4 dxe4 22. Rxe4 Qb5 23. Rfe1 Qd5 24. b3 Bxe5 {Grischuk,A (2745)-Keymer,V (2700) Astana KAZ 2023 1-0 (63)}) 10... dxe4 11. Nc3 f6 $146 ({RR} 11... Be7 12. Bf4 f6 13. Nc4 Bf7 14. d5 Nc5 15. d6 Bxc4 16. dxe7 Qxd1 17. Rfxd1 b6 18. Rd4 Be6 19. b4 Nb7 20. Rxe4 Kxe7 21. b5 Rac8 22. bxc6 Rxc6 23. Nb5 Nc5 24. Re3 a6 25. Nd4 Rcc8 26. Nf5+ {Grandelius,N (2657)-Keymer,V (2698) chess.com INT 2022 1-0}) ({RR} 11... Nxe5 12. dxe5 Qxd1 13. Rxd1 Bb4 14. Nxe4 Bxe2 15. Rd4 Be7 16. Bg5 Bf3 17. Bxe7 Kxe7 18. Nd6 Bd5 19. b3 b6 20. Re1 Be6 21. f4 Rhd8 22. f5 Bd5 23. Kf2 f6 24. Nc4 Bxc4 25. Rxc4 Rd2+ 26. Kf3 {Svane,R (2628)-Rastbod,A (2291) chess.com INT 2024 1-0 (39)}) 12. Nc4 Bg6 13. d5 Nb6 14. Nxb6 axb6 15. Qb3 Bc5 16. dxc6 bxc6 17. Qe6+ Kf8 18. Qxc6 Bf5 19. g4 Rc8 20. Qb7 Rb8 21. Qc6 Rc8 22. Qb7 Rb8 23. Qd5 Qxd5 24. Nxd5 Be6 25. Nc3 f5 26. Bf4 Rd8 27. Rfd1 Kf7 28. gxf5 Bxf5 29. Kg2 Bd4 30. Rac1 Rhe8 31. Nb5 Bxb2 32. Rc7+ Kg8 33. Rb1 Be5 34. Bxe5 Rxe5 35. e3 Rf8 36. Nd4 Bg6 37. Rxb6 Rg5+ 38. Kf1 Bf5 39. Nxf5 Rgxf5 40. Rb2 Ra8 41. Re7 Ra4 42. Rb8+ Rf8 43. Rbb7 1-0

[Event "Titled Tue 10th Jan Early"]
[Site "chess.com INT"]
[Date "2023.01.10"]
[Round "10"]
[White "Svane, R."]
[Black "Makarian, Rudik"]
[Result "1-0"]
[WhiteElo "2620"]
[BlackElo "2562"]
[PlyCount "127"]
[EventDate "2023.01.10"]

1. Nf3 Nf6 2. g3 b5 3. Bg2 Bb7 4. d4 e6 5. Bg5 Be7 6. Qd3 a6 7. Nbd2 ({RR} 7. a4 b4 8. Nbd2 d5 9. Nb3 Nbd7 10. Na5 Qb8 11. Nxb7 Qxb7 12. c4 bxc3 13. bxc3 c5 14. O-O c4 15. Qc2 O-O 16. Rfb1 Qc7 17. Nd2 h6 18. Bxf6 Nxf6 19. e4 Rab8 20. exd5 exd5 21. Nf1 Rxb1 {Svane,R (2627)-Rychkov,O (2386) chess.com INT 2025 1-0 (42)}) 7... d5 $146 ({RR} 7... h6 8. Bxf6 Bxf6 9. c3 d6 10. O-O Nd7 11. a4 Rb8 12. axb5 axb5 13. b4 O-O 14. Ra7 c5 15. bxc5 dxc5 16. Qxb5 Bxf3 17. Qxd7 Qxd7 18. Rxd7 Bxe2 19. Re1 Bb5 20. Rc7 cxd4 21. cxd4 Bxd4 22. Nf3 {Svane,R (2629)-Carlsen,M (2832) chess.com INT 2024 0-1 (82)}) ({RR} 7... d6 8. O-O Nbd7 9. a4 b4 10. a5 O-O 11. c3 d5 12. Nb3 Rc8 13. cxb4 Bxb4 14. Ne5 c5 15. Nxc5 Nxc5 16. dxc5 Bxc5 17. b4 Bd6 18. Ng4 Be7 19. Nxf6+ Bxf6 20. Bxf6 Qxf6 21. b5 Rc3 22. Qb1 {Giri,A (2733)-Caruana,F (2805) New York USA 2024 ½-½ (34)}) 8. c3 Nbd7 9. Bxf6 Nxf6 10. a4 b4 11. Nb3 c6 12. O-O O-O 13. Rfc1 a5 14. Ne5 Nd7 15. Nxd7 Qxd7 16. cxb4 Bxb4 17. Nc5 Qc7 18. Rc2 Bxc5 19. Rxc5 Qb6 20. Qc3 h5 21. Rc1 g6 22. e4 dxe4 23. Bxe4 Rfd8 24. Qe3 Qxb2 25. Rb1 Qxd4 26. Rxb7 Qxe3 27. fxe3 Rd2 28. Rxc6 Ra2 29. Rbc7 Rxa4 30. Rc4 Rxc4 31. Rxc4 Rb8 32. Kf2 Rb2+ 33. Rc2 Rb4 34. Kf3 a4 35. Ra2 Kg7 36. h4 Rc4 37. Bc2 a3 38. Ke2 Rg4 39. Kf3 Rc4 40. Bd3 Rc3 41. Ke2 Rb3 42. Bc2 Rc3 43. Kd2 Rc4 44. Bd1 Rc5 45. Rxa3 Rd5+ 46. Ke1 Re5 47. Bf3 Rc5 48. Kf2 Rc2+ 49. Be2 Rb2 50. Rc3 Rb7 51. Rc6 Ra7 52. Rb6 Kf6 53. Rb2 Rc7 54. Bf3 Ra7 55. Be4 Ke5 56. Kf3 Kf6 57. Rb7 Ra6 58. Bd3 Ra5 59. Bb5 Kg7 60. Be8 Rf5+ 61. Ke4 Rf2 62. Ra7 Kf8 63. Bb5 Rf1 64. Bxf1 1-0

[Event "77th ch-AZE Final 2023"]
[Site "Baku AZE"]
[Date "2023.01.23"]
[Round "1.1"]
[White "Asadli, Vugar"]
[Black "Muradli, Mahammad"]
[Result "1-0"]
[WhiteElo "2567"]
[BlackElo "2540"]
[PlyCount "69"]
[EventDate "2023.01.23"]

1. Nf3 Nf6 2. g3 g6 3. Bg2 Bg7 4. O-O c5 5. d4 cxd4 6. Nxd4 Nc6 7. c4 Qb6 8. Nb3 d6 9. Nc3 Be6 10. Nd5 Bxd5 11. cxd5 Ne5 12. a4 $146 ({RR} 12. Be3 Qa6 13. Bd4 Ned7 14. e4 O-O 15. f4 Nh5 16. Bh3 Rad8 17. Rf2 b6 18. Bxg7 Nxg7 19. Nd4 Nc5 20. Nc6 Rde8 21. Re2 e6 22. b4 Na4 23. Rc2 exd5 24. Qxd5 b5 25. Qxd6 Qb6+ 26. Kh1 Qb7 {Bayer,E (2266)-Kruse,H (2245) Germany 2006 ½-½ (77)}) 12... Nc4 13. a5 Qb4 14. Nd4 Nd7 15. Ra4 Qc5 16. e3 Qc7 17. Qe2 Rc8 18. b3 Nxa5 19. Qb5 b6 20. Bh3 Bxd4 21. exd4 f5 22. Bh6 a6 23. Qxa6 Nxb3 24. Re1 Na5 25. Ra2 Qc4 26. Qxc4 Nxc4 27. Rae2 Kd8 28. g4 fxg4 29. Bxg4 Re8 30. Bg5 Rc7 31. Rxe7 Rxe7 32. Rxe7 Kc8 33. Re8+ Kb7 34. Bd8 h5 35. Be6 1-0

[Event "21st Marienbad A1 GM 2023"]
[Site "Marianske Lazne CZE"]
[Date "2023.01.17"]
[Round "4.2"]
[White "Petr, Ma"]
[Black "Stefansson, H."]
[Result "1-0"]
[WhiteElo "2508"]
[BlackElo "2526"]
[PlyCount "139"]
[EventDate "2023.01.14"]

1. Nf3 Nf6 2. g3 d5 3. Bg2 g6 4. c4 dxc4 5. Qa4+ Nfd7 6. Qxc4 Bg7 7. O-O Nc6 8. d3 O-O 9. Nc3 Nb6 10. Qh4 e5 ({RR} 10... a5 11. Bh6 f6 12. Bxg7 Kxg7 13. d4 Nb4 14. Rfd1 c6 15. Qf4 a4 16. e4 Nc4 17. Qc1 a3 18. bxa3 Nxa3 19. Qb2 {½-½ (19) Dunnington,A (2256)-Urh,Z (2256) Darlington ENG 2024}) 11. Qxd8 Rxd8 12. Nb5 Rd7 $146 ({RR} 12... Nd5 13. Bg5 f6 14. Bd2 a6 15. Nc3 Nxc3 16. bxc3 Be6 17. Be3 Ne7 18. Rfb1 b6 19. a4 Rab8 20. c4 e4 21. dxe4 Bxc4 22. Bf4 Rbc8 23. Rc1 f5 24. Ne5 Bxe2 25. exf5 Nxf5 26. Ra2 Rd1+ 27. Rxd1 {Darini,P (2366)-Martinovic,S (2483) Kemer 2009 0-1 (39)}) 13. Bd2 a6 14. Nc3 Rd8 15. Rfc1 h6 16. Rab1 g5 17. Be1 Nd4 18. Kf1 Be6 19. b4 Rac8 20. a4 Nd5 21. b5 Nxc3 22. Bxc3 axb5 23. axb5 Bd5 24. Bxd4 exd4 25. Nd2 Bf8 26. Bh3 Ra8 27. Rxc7 Ra2 28. Nc4 Bxc4 29. Rxc4 b6 30. Bg4 Rd5 31. Rc6 Rd6 32. h3 Kg7 33. Bh5 Be7 34. Rc7 Kf8 35. Rb7 Rf6 36. Bf3 Bc5 37. Rc7 Bd6 38. Rc6 Be7 39. Rbc1 Rb2 40. Rxf6 Bxf6 41. Rc6 Bd8 42. Rxh6 Rxb5 43. Rd6 Be7 44. Rxd4 Rb1+ 45. Kg2 b5 46. Rd7 b4 47. Rb7 f5 48. Bd5 Re1 49. e3 f4 50. gxf4 gxf4 51. exf4 Rd1 52. Bc4 Rd2 53. Kf3 Bc5 54. Rb5 Rxf2+ 55. Kg3 Be3 56. Rf5+ Kg7 57. Rf7+ Kh8 58. f5 Rf1 59. f6 Bc5 60. Kg4 Bd4 61. Kg5 Be3+ 62. Kg6 Rg1+ 63. Kf5 Rf1+ 64. Ke4 Bg5 65. Ke5 Bf4+ 66. Ke6 Re1+ 67. Kf5 Rf1 68. d4 Rf2 69. Rf8+ Kh7 70. Bd3 1-0

[Event "Titled Tue 17th Jan Early"]
[Site "chess.com INT"]
[Date "2023.01.17"]
[Round "3"]
[White "Nakamura, Hi"]
[Black "Rustemov, A."]
[Result "1-0"]
[WhiteElo "2768"]
[BlackElo "2525"]
[PlyCount "133"]
[EventDate "2023.01.17"]

1. Nf3 d5 2. g3 c6 3. Bg2 Bf5 4. d3 e6 5. Nh4 ({RR} 5. Nbd2 h6 6. e4 Bh7 7. O-O Bd6 8. Qe2 Ne7 9. Nh4 g5 10. Nhf3 Nd7 11. b4 Qc7 12. Rb1 O-O-O 13. c4 g4 14. Ne1 h5 15. Nc2 Be5 16. d4 Bg7 17. Nb3 e5 18. exd5 cxd5 19. Nc5 Nb6 {Karjakin,S (2771)-Topalov,V (2772) Flor/Fjaere 2014 1-0 (42)}) 5... Bg6 ({RR} 5... Bg4 6. h3 Bh5 7. O-O Be7 8. Nf3 Nd7 9. Qe1 h6 10. e4 dxe4 11. Qxe4 Ngf6 12. Qe2 O-O 13. b3 Re8 14. Bb2 a5 15. a3 Qb6 16. Nbd2 a4 17. b4 Bf8 18. g4 Bg6 19. Nc4 Qc7 20. Nfe5 {Gutierrez Olivares,D (2354)-Bobkov,V (2253) chess.com INT 2024 1-0 (38)}) 6. Nxg6 $146 ({RR} 6. Nd2 Nf6 7. Nb3 Be7 8. Bg5 Nbd7 9. Nxg6 hxg6 10. e4 Ne5 11. Qe2 a5 12. f4 Ned7 13. e5 Nh5 14. Bxe7 Qxe7 15. Qd2 a4 16. Nd4 f6 17. Nf3 Qc5 18. d4 Qb6 19. O-O-O f5 20. a3 Ra5 {Botvinnik,A (1905)-Schoknecht,S (1629) Arco 2015 1-0}) 6... hxg6 7. Nd2 Nd7 8. e4 Ngf6 9. Qe2 Bd6 10. O-O O-O 11. f4 dxe4 12. dxe4 e5 13. f5 Qe7 14. c3 Rad8 15. Nc4 Bc5+ 16. Kh1 Nb6 17. Na5 Nc8 18. fxg6 fxg6 19. Bg5 Nd6 20. Nc4 Kh7 21. Nd2 Qe6 22. h3 Rd7 23. Kh2 Nf7 24. Nf3 Kg8 25. Bc1 Kh7 26. b4 Bb6 27. a4 a6 28. c4 Bd4 29. Ra3 Rfd8 30. a5 c5 31. b5 Kg8 32. bxa6 bxa6 33. Rb3 Nd6 34. Nd2 Rb7 35. Rff3 Rdb8 36. Ba3 Rxb3 37. Nxb3 Qxc4 38. Qxc4+ Nxc4 39. Bxc5 Bxc5 40. Nxc5 Nxa5 41. Ra3 Nc4 42. Rc3 Nd6 43. Nxa6 Rb2 44. Kg1 Ndxe4 45. Re3 Rb1+ 46. Kh2 Rb2 47. Nc7 Nd6 48. Rxe5 Nf5 49. Ne6 Kf7 50. Ng5+ Kf8 51. Re1 Nh5 52. Ne6+ Kg8 53. Ng5 Nf6 54. Ra1 Kf8 55. Kg1 Ke7 56. Ra7+ Kd6 57. g4 Nh4 58. Ba8 Ke5 59. Ra4 Nf5 60. Nf3+ Kd6 61. gxf5 gxf5 62. Nh4 Ke5 63. Ra5+ Kf4 64. Nxf5 g6 65. Nh4 g5 66. Ng6+ Kg3 67. Ra3+ 1-0

[Event "Titled Tue 17th Jan Early"]
[Site "chess.com INT"]
[Date "2023.01.17"]
[Round "4"]
[White "Lenderman, A."]
[Black "Boruchovsky, A."]
[Result "1-0"]
[WhiteElo "2572"]
[BlackElo "2553"]
[PlyCount "77"]
[EventDate "2023.01.17"]

1. Nf3 c5 2. c3 d5 3. d4 e6 4. Bf4 Nc6 5. e3 Nf6 6. Nbd2 b6 7. Bb5 Bd7 8. O-O ({RR} 8. Qa4 Nb8 9. Bxb8 Qxb8 10. Bc6 Qc8 11. Bxd7+ Qxd7 12. Qxd7+ Nxd7 13. e4 cxd4 14. Nxd4 dxe4 15. Nxe4 Nc5 16. Nxc5 Bxc5 17. O-O-O O-O-O 18. Nc6 Rd7 19. Rxd7 Kxd7 20. Nxa7 Bxf2 21. Rd1+ Kc7 22. Nb5+ Kc6 {Tristan,L (2545)-Loiacono,A (2350) chess.com INT 2023 1-0 (31)}) 8... a6 ({RR} 8... Nb8 9. Bd3 Nc6 10. h3 Be7 11. a3 O-O 12. b4 cxb4 13. axb4 a5 14. b5 Na7 15. Qe2 Rc8 16. Rfc1 Qe8 17. c4 dxc4 18. Nxc4 Nd5 19. Bg3 Bxb5 20. e4 Nb4 21. Nfd2 Qd8 22. Qe3 Nac6 23. d5 {Aaditya,D (2421)-Ohler,J (2235) chess.com INT 2025 1-0 (69)}) 9. Bd3 cxd4 $146 ({RR} 9... Be7 10. Ne5 O-O 11. Qf3 Nxe5 12. dxe5 Ne8 13. Qh5 g6 14. Qh6 Ng7 15. Nf3 f6 16. Rad1 Nh5 17. exf6 Bxf6 18. Be5 Be8 19. c4 Bxe5 20. Nxe5 Qf6 21. f4 Qg7 22. Qxg7+ Kxg7 23. Be2 Nf6 24. Bf3 {Salvador,L (2117)-Jiroajvanichakorn,R (1036) Bangkok 2021 1-0 (45)}) 10. exd4 b5 11. Ne5 Be7 12. Re1 O-O 13. a3 Nxe5 14. dxe5 Ne8 15. Qh5 g6 16. Qh6 f6 17. exf6 Bxf6 18. Nf3 Bg7 19. Qg5 Bf6 20. Qg3 Ng7 21. Be5 Nh5 22. Bxf6 Qxf6 23. Qe5 Nf4 24. Qxf6 Rxf6 25. Ne5 Be8 26. Bf1 g5 27. g3 Ng6 28. Ng4 Rf8 29. Rxe6 Kg7 30. Rd6 Bf7 31. Ne3 Ne7 32. Rd7 Kf6 33. Re1 Be6 34. Rd6 Kf7 35. Nc2 Bf5 36. Nd4 Rad8 37. Rxa6 Bg6 38. Ra7 Rde8 39. Bxb5 1-0

[Event "Titled Tue 17th Jan Early"]
[Site "chess.com INT"]
[Date "2023.01.17"]
[Round "4"]
[White "Martinez Alcantara, Jose Eduardo"]
[Black "Shankland, S."]
[Result "1-0"]
[WhiteElo "2603"]
[BlackElo "2710"]
[PlyCount "95"]
[EventDate "2023.01.17"]

1. Nf3 d5 2. g3 g6 3. c4 dxc4 4. Na3 Bg7 5. Nxc4 Nc6 6. d3 e5 7. Be3 Nge7 8. Bg2 O-O 9. O-O h6 10. Rc1 Be6 11. a3 $146 ({RR} 11. Qd2 Kh7 12. b4 a6 13. a4 b5 14. Nb2 Nd4 15. Nxd4 exd4 16. Bf4 Nd5 17. h4 Qd7 18. Rc5 c6 19. Rfc1 Rac8 20. axb5 cxb5 21. Nd1 Rfd8 22. Bxd5 Bxd5 23. f3 Bf8 24. Rxc8 Rxc8 25. Rxc8 Qxc8 {Jimenez Garcia,E (2219)-Vaishali,R (2327) Barcelona 2017 ½-½ (48)}) 11... a5 12. Qc2 a4 13. Bd2 Nf5 14. Bc3 Nfd4 15. Bxd4 exd4 16. Ncd2 Na5 17. Qxc7 Ra6 18. Qxd8 Rxd8 19. Rc5 Bf8 20. Rb5 Ra7 21. Rc1 Nc6 22. Nc4 h5 23. Ng5 Bd7 24. Ne4 Kg7 25. Nc5 Bc8 26. Nb6 Bg4 27. Nbxa4 Bxe2 28. Re1 Bxd3 29. Nxd3 Rxa4 30. Rxb7 Rc4 31. Bxc6 Rxc6 32. Rxf7+ Kg8 33. Rf4 Bh6 34. Rfe4 Rc2 35. R4e2 Rdc8 36. Kf1 Kf7 37. f4 Bg7 38. Kf2 Bf6 39. Kf3 R2c7 40. h4 Rb8 41. Rc1 Rxc1 42. Nxc1 Be7 43. Nd3 Rb3 44. Ke4 Bf6 45. Rc2 Ke7 46. Rc7+ Kf8 47. Rc6 Kf7 48. a4 1-0

[Event "Titled Tue 17th Jan Early"]
[Site "chess.com INT"]
[Date "2023.01.17"]
[Round "4"]
[White "Svane, R."]
[Black "Krysa, L."]
[Result "1-0"]
[WhiteElo "2620"]
[BlackElo "2538"]
[PlyCount "109"]
[EventDate "2023.01.17"]

1. Nf3 d5 2. g3 Bg4 3. Bg2 Nd7 4. O-O c6 5. h3 Bh5 6. d4 e6 7. c4 Ngf6 8. cxd5 exd5 9. Ne5 Ne4 10. Bxe4 dxe4 11. Nc3 Nxe5 12. dxe5 Bb4 13. Nxe4 Qxd1 14. Rxd1 Bxe2 15. Rd4 a5 $146 ({RR} 15... Be7 16. Bg5 Bxg5 17. Nxg5 h6 18. Ne4 Ke7 19. Nd6 Rhd8 20. Rf4 Bh5 21. Re1 Rd7 22. Nf5+ Kf8 23. e6 fxe6 24. Nxh6+ Bf7 25. Nxf7 Rxf7 26. Rfe4 Rd7 27. Rxe6 a5 28. h4 Kf7 29. Kg2 a4 30. a3 {Kleymenova,V (2035)-Vlasova,O (2048) Sochi RUS 2024 1-0 (46)}) 16. Bd2 Be7 17. Re1 Bf3 18. Nd6+ Kf8 19. Nxb7 a4 20. Nd6 Bd5 21. a3 h5 22. Nf5 Bc5 23. Bb4 Bxb4 24. Rxb4 g6 25. Nd6 Kg7 26. Rb7 Rhb8 27. Rc7 Be6 28. Nxf7 Bxf7 29. e6 Rf8 30. exf7 Rxf7 31. Rxc6 Rb8 32. Ree6 Rxb2 33. Rxg6+ Kh7 34. Rcf6 Rxf6 35. Rxf6 Rb3 36. Kg2 Rxa3 37. Ra6 Kg7 38. Ra7+ Kg6 39. Ra5 Kh6 40. g4 hxg4 41. hxg4 Kg6 42. f4 Ra2+ 43. Kg3 a3 44. Ra6+ Kf7 45. Kh4 Rf2 46. f5 a2 47. Kg5 Ke7 48. Kg6 Rf4 49. g5 Rf2 50. f6+ Kd7 51. Kg7 Ke8 52. g6 Kd7 53. f7 Ke7 54. Ra7+ Ke6 55. f8=Q 1-0